000 00606nam a2200241Ia 4500
001 AUWbook002422
003 BDCtgAUW
005 20260406155204.0
008 220908s9999 xx 000 0 eng d
040 _aBDCtgAUW
_cBDCtgAUW
050 _aNC27.S6M32
100 1 _aPerez Sanghez, Alfonso E.
_914885
245 0 _aCatalogo de los dibujos.
260 _aMadrid :
_bReal Academia De San Fernando,
_c1967.
300 _a208 pages.
650 0 _aDrawing.
650 0 _aFine Arts.
650 0 _aSapanish
_xCatalogs.
_980128
887 _a BRAC
_22982
888 _22982
942 _cBK
_00
945 _cBK
999 _c17987
_d17987